Mannequins célèbres (femmes) - Statistiques

Statistiques générales
  • Ce quiz a été pris 169 fois
  • Le résultat moyen est 8 sur 40
Statistiques - réponses
Par images Réponse % Correct
Bella Hadid
78%
Adriana Lima
72%
Kendall Jenner
71%
Gigi Hadid
66%
Naomi Campbell
64%
Carla Bruni
57%
Gisèle Bundchen
49%
Kate Moss
46%
Claudia Schiffer
42%
Cindy Crawford
37%
Heidi Klum
31%
Tyra Banks
27%
Laetitia Casta
25%
Cara Delevingne
24%
Linda Evangelista
18%
Kaia Gerber
16%
Doutzen Kroes
13%
Elle Macpherson
9%
Eva Herzigova
9%
Inès de la Fressange
9%
Twiggy
9%
Estelle Lefébure
8%
Karen Mulder
8%
Diane Kruger
7%
Noémie Lenoir
7%
Christy Turlington
6%
Héléna Christensen
5%
Jerry Hall
4%
Natalia Vodianova
4%
Stéphanie Seymour
4%
Amber Valletta
3%
Milla Jovovich
3%
Iman Bowie
2%
Georgia May Jagger
1%
Gia Carangi
1%
Isabella Rossellini
1%
Stella Tennant
1%
Estella Warren
0%
Iris Apfel
0%
Lauren Hutton
0%
Aucun quiz correspondant
Distribution des résultats
% des personnes avec chaque résultat
Percentile par nombre de réponses
Votre historique - résultats
Vous n’avez pas pris ce quiz